banner-ar

"الحصيلة اللغوية المنطوقة لطفل ماقبل المدرسة ""من عمر عام حتى سته اعوام""" / (Record no. 43668)

MARC details
000 -الفاتح
حقل البيانات ثابتة الطول 00699nam a2200181Ia 4500
008 - عناصر البيانات ثابتة الطول - معلومات عامة
حقل البيانات ثابتة الطول 140319s9999 xx 000 0 ara d
040 ## - مصدر الفهرسة
وكالة الفهرسة الأصلية GCL /
وكالة النسخ GCL
082 04 - رقم تصنيف ديوى العشرى
رقم التصنيف 155.423
رقم المادة ل ح
100 1# - المدخل الرئيسى - إسم شخصى
الإسم الشخصى ليلى احمد كرم الدين
245 10 - بيان العنوان
العنوان "الحصيلة اللغوية المنطوقة لطفل ماقبل المدرسة ""من عمر عام حتى سته اعوام""" /
بيان المسئوليه,etc ليلى احمد كرم الدين
300 ## - الوصف المادى
التعداد 281 ص
490 ## - بيان السلسلة
عنوان السلسلة سلسلة الدراسات العلمية الموسمية المتخصصة
رقم المجلد/ التعيين التسلسلي 0
650 04 - المدخل الاضافى بالموضوع-مصطلح موضوعى
مصطلح موضوعي علم النفس التربوى
650 04 - المدخل الاضافى بالموضوع-مصطلح موضوعى
مصطلح موضوعي الاطفال - رعاية
650 04 - المدخل الاضافى بالموضوع-مصطلح موضوعى
مصطلح موضوعي الاطفال - لغة
942 ## - عناصر المدخل الإضافي( كوها)
مصدر التصنيف او مخطط الترفيف Dewey Decimal Classification
Koha [default] item type كتاب
Holdings
حالة التراجع حالة الفقد حالة تلف ليس للاعارة المكان المؤقت الموقع الحالى تاريخ الاكتساب اجمالي اﻻعارات رقم الطلب الباركود تاريخ اخر مشاهدة تاريخ تفعيل السعر نوع وعاء كوها
        مكتبة القاهرة الكبرى مكتبة القاهرة الكبرى 03/26/2014   155.423\ل ح 105786 03/26/2014 03/26/2014 كتاب
        مكتبة القاهرة الكبرى مكتبة القاهرة الكبرى 03/26/2014   155.423\ل ح 105787 03/26/2014 03/26/2014 كتاب
        مكتبة القاهرة الكبرى مكتبة القاهرة الكبرى 03/26/2014   155.423\ل ح 105788 03/26/2014 03/26/2014 كتاب

Powered By

EGPV